Io. Henrici Feltzii, icti famigeratisimi, Pandectarum, iuris canonici et feudalis professoris publici longe celeberrimi in Academia Argentoratensi, commentatio iuris publici et feudalis, de feudis oblatis, lingua vernacula: von ausgegebenen oder aufgetragenen lehen. Nunc vero, ut desideriis multorum satisfieret

Detalles Bibliográficos
Autor principal: Feltzius, Ioannes Henricus
Formato: Libro
Lenguaje:Latin
Publicado: Ienae : rec. litteris Io. Bernh. Helleri, 1750.
Materias:
Colección:Banco de datos
Acervo:Fondo Bibliográfico Antiguo Víctor Manuel Castillo de la Universidad de Ciencias y Artes de Chiapas
Descripción Física:48 p. ; 4°
Tema general:Derecho civil
Notas:Portada tipográfica con plecas y monograma del impresor en grabado xilográfico. Texto a renglón seguido. Incluye cabecera de título floreada en grabado xilográfico. Incluye capitular floreada en grabado xilográfico
LEADER 01073nam a22001810004500
035 |a 2036 
041 0 |a lat 
100 1 |a Feltzius, Ioannes Henricus 
245 1 0 |a Io. Henrici Feltzii, icti famigeratisimi, Pandectarum, iuris canonici et feudalis professoris publici longe celeberrimi in Academia Argentoratensi, commentatio iuris publici et feudalis, de feudis oblatis, lingua vernacula: von ausgegebenen oder aufgetragenen lehen. Nunc vero, ut desideriis multorum satisfieret 
260 |a Ienae : rec. litteris Io. Bernh. Helleri, 1750. 
300 |a 48 p. ; 4° 
500 |a Portada tipográfica con plecas y monograma del impresor en grabado xilográfico. Texto a renglón seguido. Incluye cabecera de título floreada en grabado xilográfico. Incluye capitular floreada en grabado xilográfico 
501 |a 24 obras  
650 1 0 |a Derecho civil 
949 |a UNICACH, Colección de Víctor Manuel Castillo: 01437-K 
942 |c CHIACASTI 
943 |g Fondo Bibliográfico Antiguo Víctor Manuel Castillo de la Universidad de Ciencias y Artes de Chiapas 
999 |c 1100332  |d 1100332